<?xml version="1.0" encoding="UTF-8"?>
<record
    xmlns:xsi="http://www.w3.org/2001/XMLSchema-instance"
    xsi:schemaLocation="http://www.loc.gov/MARC21/slim http://www.loc.gov/standards/marcxml/schema/MARC21slim.xsd"
    xmlns="http://www.loc.gov/MARC21/slim">

  <leader>00644nam a22001577a 4500</leader>
  <controlfield tag="003">OSt</controlfield>
  <controlfield tag="005">20150914085911.0</controlfield>
  <controlfield tag="008">150914b        xxu||||| |||| 00| 0 eng d</controlfield>
  <datafield tag="040" ind1=" " ind2=" ">
    <subfield code="c">RUA</subfield>
  </datafield>
  <datafield tag="082" ind1=" " ind2=" ">
    <subfield code="a">AGR PRO 2000 B022 Or.1</subfield>
  </datafield>
  <datafield tag="100" ind1=" " ind2=" ">
    <subfield code="9">425</subfield>
    <subfield code="a">PROM, MONY.</subfield>
  </datafield>
  <datafield tag="245" ind1=" " ind2=" ">
    <subfield code="a">&#x179C;&#x17B7;&#x1792;&#x17B6;&#x1793;&#x1780;&#x17B6;&#x179A;&#x1780;&#x17C6;&#x1785;&#x17B6;&#x178F;&#x17CB;&#x178A;&#x1784;&#x17D2;&#x1780;&#x17BC;&#x179C;&#x1799;&#x17C4;&#x179B;&#x1791;&#x17C4;&#x1784;&#x179B;&#x17BE;&#x178A;&#x17C6;&#x178E;&#x17B6;&#x17C6;&#x1794;&#x1793;&#x17D2;&#x179B;&#x17C2;&#x17A2;&#x17C6;&#x1794;&#x17BC;&#x179A;&#x1782;&#x17D2;&#x179A;&#x17BC;&#x179F;&#x17CA;&#x17B8;&#x17A0;&#x17D2;&#x179C;&#x17B8;&#x1780;&#x17D2;&#x1793;&#x17BB;&#x1784;&#x179F;&#x17D2;&#x179A;&#x17BB;&#x1780;&#x1780;&#x17C0;&#x1793;&#x179F;&#x17D2;&#x179C;&#x17B6;&#x1799; ( the measure to control d.b.m on crucifer croops in dien svay district)</subfield>
  </datafield>
  <datafield tag="260" ind1=" " ind2=" ">
    <subfield code="a">Phnom Penh</subfield>
    <subfield code="b">RUA</subfield>
    <subfield code="c">2000</subfield>
  </datafield>
  <datafield tag="300" ind1=" " ind2=" ">
    <subfield code="a">82p.</subfield>
    <subfield code="b">ill.</subfield>
    <subfield code="c">29cm.</subfield>
  </datafield>
  <datafield tag="942" ind1=" " ind2=" ">
    <subfield code="2">ddc</subfield>
    <subfield code="c">AGR</subfield>
  </datafield>
  <datafield tag="999" ind1=" " ind2=" ">
    <subfield code="c">403</subfield>
    <subfield code="d">403</subfield>
  </datafield>
  <datafield tag="952" ind1=" " ind2=" ">
    <subfield code="0">0</subfield>
    <subfield code="1">0</subfield>
    <subfield code="2">ddc</subfield>
    <subfield code="4">0</subfield>
    <subfield code="6">AGR_PRO_2000_000000000000000_B022_OR_1</subfield>
    <subfield code="7">0</subfield>
    <subfield code="9">1837</subfield>
    <subfield code="a">LBB</subfield>
    <subfield code="b">LBB</subfield>
    <subfield code="c">B022</subfield>
    <subfield code="d">2015-09-14</subfield>
    <subfield code="o">AGR PRO 2000 B022 Or.1</subfield>
    <subfield code="p">RUA001933</subfield>
    <subfield code="r">2015-09-14</subfield>
    <subfield code="w">2015-09-14</subfield>
    <subfield code="y">AGR</subfield>
  </datafield>
  <datafield tag="952" ind1=" " ind2=" ">
    <subfield code="0">0</subfield>
    <subfield code="1">0</subfield>
    <subfield code="2">ddc</subfield>
    <subfield code="4">0</subfield>
    <subfield code="6">AGR_PRO_2000_000000000000000_B022_OR_2</subfield>
    <subfield code="7">0</subfield>
    <subfield code="9">1838</subfield>
    <subfield code="a">LBB</subfield>
    <subfield code="b">LBB</subfield>
    <subfield code="c">B022</subfield>
    <subfield code="d">2015-09-14</subfield>
    <subfield code="o">AGR PRO 2000 B022 Or.2</subfield>
    <subfield code="p">RUA001637</subfield>
    <subfield code="r">2015-09-14</subfield>
    <subfield code="w">2015-09-14</subfield>
    <subfield code="y">AGR</subfield>
  </datafield>
  <datafield tag="952" ind1=" " ind2=" ">
    <subfield code="0">0</subfield>
    <subfield code="1">0</subfield>
    <subfield code="2">ddc</subfield>
    <subfield code="4">0</subfield>
    <subfield code="6">AGR_PRO_2000_000000000000000_B022_OR_3</subfield>
    <subfield code="7">0</subfield>
    <subfield code="9">1839</subfield>
    <subfield code="a">LBB</subfield>
    <subfield code="b">LBB</subfield>
    <subfield code="c">B022</subfield>
    <subfield code="d">2015-09-14</subfield>
    <subfield code="o">AGR PRO 2000 B022 Or.3</subfield>
    <subfield code="p">RUA001787</subfield>
    <subfield code="r">2015-09-14</subfield>
    <subfield code="w">2015-09-14</subfield>
    <subfield code="y">AGR</subfield>
  </datafield>
  <datafield tag="952" ind1=" " ind2=" ">
    <subfield code="0">0</subfield>
    <subfield code="1">0</subfield>
    <subfield code="2">ddc</subfield>
    <subfield code="4">0</subfield>
    <subfield code="6">AGR_PRO_2000_000000000000000_B022_OR_4</subfield>
    <subfield code="7">0</subfield>
    <subfield code="9">1840</subfield>
    <subfield code="a">LBB</subfield>
    <subfield code="b">LBB</subfield>
    <subfield code="c">B022</subfield>
    <subfield code="d">2015-09-14</subfield>
    <subfield code="o">AGR PRO 2000 B022 Or.4</subfield>
    <subfield code="p">RUA001715</subfield>
    <subfield code="r">2015-09-14</subfield>
    <subfield code="w">2015-09-14</subfield>
    <subfield code="y">AGR</subfield>
  </datafield>
  <datafield tag="952" ind1=" " ind2=" ">
    <subfield code="0">0</subfield>
    <subfield code="1">0</subfield>
    <subfield code="2">ddc</subfield>
    <subfield code="4">0</subfield>
    <subfield code="6">AGR_PRO_2000_000000000000000_B022_OR_5</subfield>
    <subfield code="7">0</subfield>
    <subfield code="9">1841</subfield>
    <subfield code="a">LBB</subfield>
    <subfield code="b">LBB</subfield>
    <subfield code="c">B022</subfield>
    <subfield code="d">2015-09-14</subfield>
    <subfield code="o">AGR PRO 2000 B022 Or.5</subfield>
    <subfield code="p">RUA001859</subfield>
    <subfield code="r">2015-09-14</subfield>
    <subfield code="w">2015-09-14</subfield>
    <subfield code="y">AGR</subfield>
  </datafield>
  <datafield tag="952" ind1=" " ind2=" ">
    <subfield code="0">0</subfield>
    <subfield code="1">0</subfield>
    <subfield code="2">ddc</subfield>
    <subfield code="4">0</subfield>
    <subfield code="6">AGR_PRO_2000_000000000000000_B022_OR_6</subfield>
    <subfield code="7">0</subfield>
    <subfield code="9">1842</subfield>
    <subfield code="a">LBB</subfield>
    <subfield code="b">LBB</subfield>
    <subfield code="c">B022</subfield>
    <subfield code="d">2015-09-14</subfield>
    <subfield code="o">AGR PRO 2000 B022 Or.6</subfield>
    <subfield code="p">RUA001931</subfield>
    <subfield code="r">2015-09-14</subfield>
    <subfield code="w">2015-09-14</subfield>
    <subfield code="y">AGR</subfield>
  </datafield>
  <datafield tag="952" ind1=" " ind2=" ">
    <subfield code="0">0</subfield>
    <subfield code="1">0</subfield>
    <subfield code="2">ddc</subfield>
    <subfield code="4">0</subfield>
    <subfield code="6">AGR_PRO_2000_000000000000000_B022_OR_7</subfield>
    <subfield code="7">0</subfield>
    <subfield code="9">1843</subfield>
    <subfield code="a">LBB</subfield>
    <subfield code="b">LBB</subfield>
    <subfield code="c">B022</subfield>
    <subfield code="d">2015-09-14</subfield>
    <subfield code="o">AGR PRO 2000 B022 Or.7</subfield>
    <subfield code="p">RUA001870</subfield>
    <subfield code="r">2015-09-14</subfield>
    <subfield code="w">2015-09-14</subfield>
    <subfield code="y">AGR</subfield>
  </datafield>
  <datafield tag="952" ind1=" " ind2=" ">
    <subfield code="0">0</subfield>
    <subfield code="1">0</subfield>
    <subfield code="2">ddc</subfield>
    <subfield code="4">0</subfield>
    <subfield code="6">AGR_PRO_2000_000000000000000_B022_OR_8</subfield>
    <subfield code="7">0</subfield>
    <subfield code="9">5737</subfield>
    <subfield code="a">LBB</subfield>
    <subfield code="b">LBB</subfield>
    <subfield code="c">B022</subfield>
    <subfield code="d">2015-09-27</subfield>
    <subfield code="o">AGR PRO 2000 B022 Or.8</subfield>
    <subfield code="p">RUA008446</subfield>
    <subfield code="r">2015-09-27</subfield>
    <subfield code="w">2015-09-27</subfield>
    <subfield code="y">AGR</subfield>
  </datafield>
</record>
